| 000 | 00672nam a2200205 a 4500 | ||
|---|---|---|---|
| 005 | 20210223125613.0 | ||
| 008 | 050221s1998 mx r 000 0 spa d | ||
| 020 | _a8483071304 | ||
| 035 | _aUPN01000137819 | ||
| 049 | _aCG | ||
| 050 | 4 |
_aHN375 _bR6.6 |
|
| 100 | 1 | _aRodríguez Jiménez, José Luis | |
| 245 | 1 | 1 |
_a¿Nuevos fascismos? : _bextrema derecha y neofascismo en Europa y Estados Unidos / _cJosé L. Rodríguez Jiménez. |
| 260 |
_aBarcelona, Esp. : _bPenínsula, _c1998. |
||
| 300 | _a365 p. | ||
| 440 | 0 |
_aHistoria, ciencia, sociedad ; _v269 |
|
| 651 | 4 |
_aEUROPA - _xCONDICIONES SOCIALES - _xHISTORIA |
|
| 650 | 4 |
_aFASCISMO - _zEUROPA _920857 |
|
| 905 | _aLibro | ||
| 999 |
_c109970 _d109970 |
||